| 000 | 00452nam a2200133Ia 4500 | ||
|---|---|---|---|
| 008 | 211109s9999||||xx |||||||||||||| ||und|| | ||
| 082 |
_a891.431 07 _bTIW-N |
||
| 100 | _aTiwari, Santhosh Kumar | ||
| 245 | 0 | _aNaya Kavi: Ek Adhyayana | |
| 260 |
_bBharathya Gathya Nikathan _aNew Delhi _c1991 |
||
| 630 | _xgeneral stack | ||
| 650 |
_aLiterature & rhetoric _vLiteratures of other languages _x East Indo-European & Celtic literaturesGeneralia |
||
| 942 | _cBOOK | ||
| 999 |
_c53681 _d53681 |
||